Countries With The Most Tanks - Statistics

General Stats
  • This quiz has been taken 24 times
  • The average score is 19 of 25
Answer Stats
# of Tanks Answer % Correct
5,750 Russia
100%
4,640 United States
100%
6,800 China
96%
4,201 India
96%
2,627 Pakistan
96%
1,713 Iran
92%
1,025 Iraq
92%
4,344 North Korea
88%
614 Poland
88%
521 Japan
83%
840 Saudi Arabia
83%
2,236 South Korea
79%
635 Thailand
79%
2,238 Turkey
79%
1,114 Ukraine
79%
3,620 Egypt
75%
1,300 Israel
75%
903 Morocco
75%
1,374 Vietnam
75%
1,485 Algeria
71%
1,344 Greece
58%
888 Taiwan
58%
644 Cambodia
54%
1,458 Jordan
46%
654 Turkmenistan
13%
No matching quizzes found
Score Distribution
Percent of People with Each Score
Percentile by Number Answered
Your Score History
You have not taken this quiz